000 00211nmm a2200085Ia 4500
008 220120s9999||||xx |||||||||||||||||und||
100 _aDigit
245 0 _aEnhance advanced web development
260 _aNine dot Nine
999 _c139906
_d139906